Managing in the world of manufacturing : How companies can improve operations to compete globally

Na minha lista:
Detalhes bibliográficos
Autor principal: Plossl, George W.
Formato: Livro
Idioma:Undetermined
Publicado em: New Jersey Prentice-Hall, Inc 1991
Assuntos:
Tags: Adicionar Tag
Sem tags, seja o primeiro a adicionar uma tag!
Thư viện lưu trữ: Trung tâm Học liệu Trường Đại học Cần Thơ
LEADER 00668nam a2200205Ia 4500
001 CTU_95841
008 210402s9999 xx 000 0 und d
082 |a 658.5 
082 |b P729 
100 |a Plossl, George W. 
245 0 |a Managing in the world of manufacturing : 
245 0 |b How companies can improve operations to compete globally 
245 0 |c George W. Plossl 
260 |a New Jersey 
260 |b Prentice-Hall, Inc 
260 |c 1991 
650 |a Manufactures,Industrial management,Production management,Manufactures 
650 |x Management,Technological innovations 
904 |i Năm 
980 |a Trung tâm Học liệu Trường Đại học Cần Thơ